000 00657nam a22002177a 4500
999 _c6457
_d6457
001 6457
003 BD-JhCC
005 20180125110045.0
008 180123b xxu||||| |||| 00| 0 eng d
035 _a(BD-JhCC)6457
040 _aBD-JhCC
_dBD-JhCC
041 _aeng
082 _a954.9205
_bBAN 1972
245 _aবাংলাদেশ /
_cসৈয়দ আলী আহসান...[et. all.].
260 _aঢাকা :
_bপদ্মা প্রিন্টার্স,
_c1972.
300 _a131 p. :
_c24 cm.
650 _aHistory of Bangladesh
700 _aআহসান, সৈয়দ আলী
942 _2ddc
_cBK